Statistics for Iron Man Franchise

Click here to take the quiz!

General Stats

  • This quiz has been taken 19 times
  • The average score is 16 of 61

Answer Stats

TypeYearNameInfo% Correct
Comic Series1968-1996Iron ManMarvel Comics
100%
TV Show1994-1996Iron ManSyndication
100%
Film2008Iron ManParamount
100%
TV Show2011Iron ManAnimax
100%
Video Game2008Iron ManSega
100%
Video Game2010Iron Man 2Sega / Gameloft
100%
Film2010Iron Man 2Paramount
100%
Comic Series2011-2012Iron Man 2.0Marvel Comics
100%
Film2013Iron Man 3Disney
100%
Video Game2013Iron Man 3: The Official GameGameloft
100%
Comic Series1996-1997Iron Man Vol. 2Marvel Comics
100%
Comic Series1998-2004Iron Man Vol. 3Marvel Comics
100%
Comic Series2005-2009Iron Man Vol. 4Marvel Comics
100%
Comic Series2012-2014Iron Man Vol. 5Marvel Comics
100%
TV Show2009-2012Iron Man: Armored AdventuresNicktoons / Disney XD
25%
Film2007The Invincible Iron ManLionsgate
25%
Video Game2002The Invincible Iron ManActivision
25%
Comic Series2007-2008The Invincible Iron ManMarvel Comics
25%
Comic Series2008-2011The Invincible Iron Man Vol. 2Marvel Comics
25%
Comic Series2011-2012The Invincible Iron Man Vol. 3Marvel Comics
25%
Comic Series2017-2018Invincible Iron ManMarvel Comics
17%
Comic Series1994-1996War MachineMarvel Comics
17%
Comic Series2009-2010War Machine Vol. 2Marvel Comics
17%
Comic Special1998Captain America/Iron Man AnnualMarvel Comics
8%
Comic Mini-Series2016International Iron ManMarvel Comics
8%
Comic One-Shot2010RescueMarvel Comics
8%
Comic Series2014-2015Superior Iron ManMarvel Comics
8%
Comic Series2018-PresentTony Stark: Iron ManMarvel Comics
8%
Comic One-Shot1975Giant-Size Iron ManMarvel Comics
0%
Comic Series2017Infamous Iron ManMarvel Comics
0%
Comic One-Shot1968Iron Man and Sub-MarinerMarvel Comics
0%
Video Game1996Iron Man and X-O Manowar in Heavy MetalAcclaim Entertainment
0%
Comic Special2014Iron Man AnnualMarvel Comics
0%
Comic Special1999-2001Iron Man AnnualsMarvel Comics
0%
Comic Special1970-1994Iron Man AnnualsMarvel Comics
0%
Comic Mini-Series2000Iron Man Bad BloodMarvel Comics
0%
Comic Special2007Iron Man Director of S.H.I.E.L.D. AnnualMarvel Comics
0%
Comic Mini-Series2007-2008Iron Man: Enter the MandarinMarvel Comics
0%
Theme Park Attraction2016-PresentIron Man ExperienceHong Kong Disneyland
0%
Comic Mini-Series2005Iron Man: House of MMarvel Comics
0%
Comic Mini-Series2007Iron Man: HypervelocityMarvel Comics
0%
Comic One-Shot2009Iron Man: Iron ProtocolsMarvel Comics
0%
Comic Series2010-2011Iron Man: LegacyMarvel Comics
0%
Comic Mini-Series2008Iron Man: Legacy of DoomMarvel Comics
0%
Comic Mini-Series2010Iron Man NoirMarvel Comics
0%
Comic Mini-Series2006Iron Man: The InevitableMarvel Comics
0%
Comic Mini-Series1968Iron Man: The Iron AgeMarvel Comics
0%
Comic Mini-Series2011Iron Man: The RaptureMarvel Comics
0%
Comic Mini-Series2011Iron-Man/ThorMarvel Comics
0%
Comic One-Shot2010Iron Man TitaniumMarvel Comics
0%
Comic Mini-Series2008Iron Man: Viva Las VegasMarvel Comics
0%
Comic Mini-Series2010Iron Man vs. WhiplashMarvel Comics
0%
Comic Mini-Series2014Iron PatriotMarvel Comics
0%
Comic Special2010The Invincible Iron Man AnnualMarvel Comics
0%
Comic Mini-Series2009-2010Ultimate Comics: Armor WarsMarvel Comics
0%
Comic Mini-Series2012-2013Ultimate Comics: Iron ManMarvel Comics
0%
Comic Mini-Series2008Ultimate HumanMarvel Comics
0%
Comic Mini-Series2005-2006Ultimate Iron ManMarvel Comics
0%
Comic Mini-Series2008Ultimate Iron Man IIMarvel Comics
0%
Comic Series2001-2002U.S. War MachineMarvel Comics
0%
Comic Mini-Series2003U.S. War Machine 2.0Marvel Comics
0%

Score Distribution

Percentile by Number Answered

Percent of People with Each Score

Your Score History

You have not taken this quiz